LEADER 01298nam a2200265 i 4500 001 000000166207 003 CaOOAMICUS 005 20071107000000.0 008 071107s1938 it u000 u ita u 013 $a143575 040 $aSeMil$bita 100 1 $aTaviani, Paolo Emilio,$d<1912-2001>.$0(OLS)http://semarc/name/9389 245 13$aIl concetto di utilità e la teoria economica /$cPaolo Emilio Taviani. 260 $aMilano :$bVita e Pensiero,$c1938. 300 $a144 p. ;$c26 cm. 490 0 $aPubblicazioni della Università Cattolica del Sacro Cuore. Ser. 3., Scienze sociali ;$vVol.19. 490 0 $aPubblicazioni della Università Cattolica del Sacro Cuore 650 4$aUtilità economica.$0(OLS)http://semarc/subject/31563 830 0$aPubblicazioni della Università Cattolica del Sacro Cuore. Ser. 3., Scienze sociali ;$vVol.19.$0(OLS)http://semarc/title/20770 830 0$aPubblicazioni della Università Cattolica del Sacro Cuore.$0(OLS)http://semarc/title/22052 850 $aSeMil 852 $aSeMil$W1$xVenegono$y1$m3N V 529$j117378$B117378$CSeMilBibl$Z2$F128166 $81 961 $aRecupero: Altro 996 $6245$aIl concetto di utilità e la teoria economica$9(OLS)http://semarc/title/237405 996 $6260$aMilano :$bVita e Pensiero$9(OLS)http://semarc/publisher/29642 LEADER 01245nam a2200301 i 4500 001 000000176306 003 CaOOAMICUS 005 20081202000000.0 008 081202s1998 it u000 u ita u 013 $a153795 020 $a88-07-80999-0 040 $aSeMil$bita 100 1 $aSaramago, José <1922-2010>.$0(OLS)http://semarc/name/31399 245 10$aMemoriale del convento /$cJosé Saramago ; traduzione di Rita Desti e Carmen M. Radulet ; con una nota di Rita Desti. 250 $a9. Ed. 260 $aMilano :$bFeltrinelli,$c1998. 300 $a319 p. ;$c20 cm. 490 0 $aUniversale economica Feltrinelli ;$v999 500 $aDono di don Romano Martinelli. 700 1 $aRadulet, Carmen M.$0(OLS)http://semarc/name/65650 700 1 $aDesti, Rita.$0(OLS)http://semarc/name/42338 830 0$aUniversale economica ;$v999.$0(OLS)http://semarc/title/11224 850 $aSeMil 852 $aSeMil$W1$xVenegono$y1$m1T II 45$j236151$B127128$CSeMilBibl$Z2$F139686 $81 961 $aOmaggio: Martinelli don Romano 996 $6020$a88-07-80999-0$9(OLS)http://semarc/number/164807 996 $6245$aMemoriale del convento$9(OLS)http://semarc/title/253010 996 $6260$aMilano :$bFeltrinelli$9(OLS)http://semarc/publisher/30237